000 00535nam a2200205Ia 4500
003 0100
008 130303s9999 xx 000 0 und d
040 _cARRUPELIB
050 _aBS1199.C6M313
100 _aMcCarthy, Dennis J
245 _aOld Testament covenant
245 _ba survey of current opinions
260 _aRichmond VA
260 _bJohn Knox Pr.
260 _C1972
300 _a112p
440 _aGrowing points in theology)
650 _bDenominations and sects - Catholic church - Dictionaries
942 0 0 _02
999 _c31955
_d31955